00541nam a22001457a 4500003000400000005001700004008004100021040001400062100002400076245013100100260000900231300002800240500010000268504002700368OSt20171010095434.0120521t xxu||||| |||| 00| 0 eng d aMMSUcULS aBugarin, Jonabel G. aHypoglycemic effect of bugnay (Antidesma binius (L.) sprengel) fruit extract on white mice (mus musculus)cJonabel G. Bugarin  c2007 axiv, 38 leavesc28 cm.  aThesis (BS Biology) -- Mariano Marcos State University-College of Arts and Sciences, Batac City aBibliography: leaf 25